| 000 | 00928nac a22002771i 4500 | ||
|---|---|---|---|
| 003 | EG-ScBUE | ||
| 005 | 20240606084008.0 | ||
| 008 | 120410s1935 enk f 000 0 eng d | ||
| 035 | _a(OCoLC)1467847 | ||
| 040 |
_aEG-ScBUE _beng _erda _cEG-ScBUE _dEG-ScBUE |
||
| 082 | 0 | 4 |
_a949.5 _bBAY _222 |
| 100 | 1 |
_aBaynes, Norman Hepburn, _d1877-1961, _eauthor. _929595 |
|
| 245 | 1 | 4 |
_aThe Byzantine Empire / _cby Norman H. Baynes. |
| 250 | _aSecond impression. | ||
| 264 | 1 |
_aLondon : _bThornton Butterworth Ltd, _c1935. |
|
| 300 |
_a256 pages ; _c17 cm. |
||
| 336 |
_2rdacontent _atext _btxt |
||
| 337 |
_aunmediated _2rdamedia _bn |
||
| 338 |
_avolume _bnc _2rdacarrier |
||
| 490 | 0 | _aThe home university library | |
| 504 | _aIncludes bibliographical references and index. | ||
| 651 | 7 |
_aByzantine Empire _xCivilization. _2BUEsh _929597 |
|
| 655 | _vReading book | ||
| 942 |
_cBB _2ddc |
||
| 999 |
_c2981 _d2981 |
||